• 首页
  • 本馆介绍
  • 公告通知
  • 最新文献
  • 馆藏检索
  • 电子资源
  • 读者导购
  • 参考咨询
  • 我的图书馆
  • 登录
  • 详细信息显示
  • 放入我的书架
  • 预约/预借图书
  • 作者相关作品
  • 分类相关作品
  • 丛书相关作品
  • 出版社相关作品

书目信息

  • 表格格式
  • 工作单格式
  • 卡片格式
题名:
阳光季节
    
 
作者: 余培侠 主编
分册:  
出版信息: 北京   中国世界语出版社  1998
页数: 310页
开本: 20cm
丛书名:
单 册:
中图分类: H194.5
科图分类: 41.27
主题词: 作文--中学--选集 , 作文
电子资源:
ISBN: 7-5052-0370-3
000 00726nam0 2200265 450
001 0198046324
005 20100713015633.0
010    @a7-5052-0370-3@dCNY16.50
011    @a7-5052-0370-3
100    @a19980825d1998 em y0chiy0110 ea
101 0  @achi
102    @aCN@b110000
105    @aa z 000zy
106    @ar
200 1  @a阳光季节@9Yang Guang Ji Jie @e男孩对你说@f余培侠主编
210    @a北京@c中国世界语出版社@d1998
215    @a310页@c照片,图@d20cm
517 1  @a男孩对你说@9nan hai dui ni shuo
606 0  @a作文@x中学@j选集
606 0  @a作文
690    @aH194.5@v3
692    @a41.27@v2
701  0 @a余培侠@9yu pei xia@4主编
801  0 @aCN@b91MARC@c20130904
905    @aBZT@dH194.5@e568@f1@sH194.5/568
    
    阳光季节:男孩对你说/余培侠主编.-北京:中国世界语出版社,1998
    310页:照片,图;20cm
    
    
    ISBN 7-5052-0370-3:CNY16.50
    
●
相关链接 在五车中查询图书 在当当中查询图书 在豆瓣中查询图书


正题名:阳光季节     索取号:H194.5/568         预约/预借

序号 登录号 条形码 馆藏地/架位号 状态 备注
1 2000143318   2000143318   旧书回溯/ [索取号:H194.5/568] 在馆    
山东省滨州职业学院图书馆 欢迎您!
大连网信软件有限公司© 版权所有